<?xml version="1.0" encoding="UTF-8"?>
<collection xmlns="http://www.loc.gov/MARC21/slim">
 <record>
  <leader>01218cam a2200277  a4500</leader>
  <controlfield tag="001">1100522603</controlfield>
  <controlfield tag="003">DE-627</controlfield>
  <controlfield tag="005">20220515101349.0</controlfield>
  <controlfield tag="007">tu</controlfield>
  <controlfield tag="008">921102n19uuuuuuxx |||||      00| ||ger c</controlfield>
  <datafield tag="035" ind1=" " ind2=" ">
   <subfield code="a">(DE-627)1100522603</subfield>
  </datafield>
  <datafield tag="035" ind1=" " ind2=" ">
   <subfield code="a">(DE-576)030522609</subfield>
  </datafield>
  <datafield tag="035" ind1=" " ind2=" ">
   <subfield code="a">(DE-599)BSZ030522609</subfield>
  </datafield>
  <datafield tag="040" ind1=" " ind2=" ">
   <subfield code="a">DE-627</subfield>
   <subfield code="b">ger</subfield>
   <subfield code="c">DE-627</subfield>
   <subfield code="e">rakwb</subfield>
  </datafield>
  <datafield tag="041" ind1=" " ind2=" ">
   <subfield code="a">ger</subfield>
  </datafield>
  <datafield tag="245" ind1="1" ind2="0">
   <subfield code="a">Richtstätte und Wasenplatz in Emmenbrücke (16. - 19. Jahrhundert)</subfield>
   <subfield code="b">archäologische und historische Untersuchungen zur Geschichte von Strafrechtspflege und Tierhaltung in Luzern</subfield>
   <subfield code="c">Jürg Manser ...</subfield>
  </datafield>
  <datafield tag="264" ind1=" " ind2="1">
   <subfield code="a">Basel [u.a.]</subfield>
   <subfield code="b">Schweizerischer Burgenverein</subfield>
   <subfield code="c">19XX-</subfield>
  </datafield>
  <datafield tag="336" ind1=" " ind2=" ">
   <subfield code="a">Text</subfield>
   <subfield code="b">txt</subfield>
   <subfield code="2">rdacontent</subfield>
  </datafield>
  <datafield tag="337" ind1=" " ind2=" ">
   <subfield code="a">ohne Hilfsmittel zu benutzen</subfield>
   <subfield code="b">n</subfield>
   <subfield code="2">rdamedia</subfield>
  </datafield>
  <datafield tag="338" ind1=" " ind2=" ">
   <subfield code="a">Band</subfield>
   <subfield code="b">nc</subfield>
   <subfield code="2">rdacarrier</subfield>
  </datafield>
  <datafield tag="490" ind1="0" ind2=" ">
   <subfield code="a">Schweizer Beiträge zur Kulturgeschichte und Archäologie des Mittelalters</subfield>
   <subfield code="v">...</subfield>
  </datafield>
  <datafield tag="700" ind1="1" ind2=" ">
   <subfield code="a">Manser, Jürg</subfield>
   <subfield code="4">oth</subfield>
  </datafield>
  <datafield tag="787" ind1="0" ind2="8">
   <subfield code="i">Rezensiert in</subfield>
   <subfield code="a">Kaller, Franz Josef</subfield>
   <subfield code="t">[Rezension von: Jürg Manser (u.a.), Richtstätte und Wasenplatz in Emmenbrücke (16.-19. Jahrhundert), 2 Bände]</subfield>
   <subfield code="d">Braubach : Deutsche Burgenvereinigung, 1993</subfield>
   <subfield code="w">(DE-627)1699082006</subfield>
  </datafield>
  <datafield tag="951" ind1=" " ind2=" ">
   <subfield code="a">MC</subfield>
  </datafield>
  <datafield tag="991" ind1=" " ind2=" ">
   <subfield code="a">Rezensiertes Werk</subfield>
  </datafield>
  <datafield tag="999" ind1=" " ind2=" ">
   <subfield code="a">KXP-PPN1100522603</subfield>
   <subfield code="e">418518154X</subfield>
  </datafield>
 </record>
</collection>
